|
|
|
|
| LEADER |
02424nam a2200565 a 4500 |
| 001 |
nkc20142625006 |
| 003 |
CZ PrNK |
| 005 |
20141219112251.0 |
| 007 |
ta |
| 008 |
141121s2014 xr a f m 000 0 cze |
| 015 |
|
|
|a cnb002625006
|
| 020 |
|
|
|a 978-80-248-3544-0
|q (brož.) :
|c neprodejné
|
| 035 |
|
|
|a (OCoLC)900135552
|
| 040 |
|
|
|a ABA001
|b cze
|
| 041 |
1 |
|
|a cze
|a eng
|b cze
|b eng
|h cze
|
| 072 |
|
7 |
|a 620.1/.2
|x Nauka o materiálu
|2 Konspekt
|9 19
|
| 080 |
|
|
|a 54-19
|2 MRF
|
| 080 |
|
|
|a 544.015.2
|2 MRF
|
| 080 |
|
|
|a 620.2-024
|2 MRF
|
| 080 |
|
|
|a 620.2-026.56
|2 MRF
|
| 080 |
|
|
|a (043.3)378.245
|2 MRF
|
| 080 |
|
|
|a (048.3)
|2 MRF
|
| 100 |
1 |
|
|a Pohludka, Martin
|7 jo2014849020
|4 dis
|
| 245 |
1 |
0 |
|a Vliv krystalizačních procesů na strukturu a vlastnosti intermetalické sloučeniny Ni3Al :
|b autoreferát disertační práce /
|c Martin Pohludka
|
| 250 |
|
|
|a 1. vyd.
|
| 260 |
|
|
|a Ostrava :
|b Vysoká škola báňská - Technická univerzita Ostrava,
|c 2014
|
| 300 |
|
|
|a 38 s. :
|b il. (převážně barev.) ;
|c 21 cm
|
| 500 |
|
|
|a Autoreferát disertační práce (Ph.D.)--Vysoká škola báňská - Technická univerzita Ostrava, Fakulta metalurgie a materiálového inženýrství, katedra neželezných kovů, rafinace a recyklace, 2014
|
| 500 |
|
|
|a "Studijní obor: P3924 Materiálové vědy a strojírenství"
|
| 500 |
|
|
|a 18 výt.
|
| 504 |
|
|
|a Obsahuje bibliografii
|
| 546 |
|
|
|a Část. souběžný anglický text, české a anglické resumé
|
| 650 |
0 |
7 |
|a intermetalické sloučeniny
|7 ph121150
|2 czenas
|
| 650 |
0 |
7 |
|a krystalizace
|7 ph138259
|2 czenas
|
| 650 |
0 |
7 |
|a struktura materiálů
|7 ph137531
|2 czenas
|
| 650 |
0 |
7 |
|a mechanické vlastnosti materiálů
|7 ph747763
|2 czenas
|
| 650 |
0 |
9 |
|a intermetalic compounds
|2 eczenas
|
| 650 |
0 |
9 |
|a crystallization
|2 eczenas
|
| 650 |
0 |
9 |
|a material structure
|2 eczenas
|
| 650 |
0 |
9 |
|a mechanical properties of materials
|2 eczenas
|
| 655 |
|
7 |
|a doktorské disertace
|7 fd186751
|2 czenas
|
| 655 |
|
7 |
|a autoreferáty
|7 fd131857
|2 czenas
|
| 655 |
|
9 |
|a higher doctoral dissertations
|2 eczenas
|
| 655 |
|
9 |
|a autoabstracts
|2 eczenas
|
| 710 |
2 |
|
|a Vysoká škola báňská - Technická univerzita Ostrava.
|b Katedra neželezných kovů, rafinace a recyklace
|7 kn20031106010
|
| 910 |
2 |
|
|a BOA001
|b 2-1335.957
|
| 990 |
|
|
|a BK
|
| 995 |
|
|
|a 01
|
| 991 |
|
|
|b 201412
|c NOV
|e n
|
| 996 |
6 |
|
|b 2610614348
|c 2-1335.957
|l MZK
|r Sklad / do 1 hodiny
|n 0
|p p.v.
|w 001476482
|u 000010
|a 1
|e BOA001
|j MZK50
|s P
|